[Event "European Senior Team Championship 2014"]
[Site "Sibenik"]
[Date "2014.04.02"]
[Round "2.6"]
[White "Pushkov, Nikolai"]
[Black "Giulian, Philip M"]
[Result "1/2-1/2"]
[WhiteElo "2345"]
[BlackElo "2193"]
[PlyCount "59"]
[EventDate "2014.04.01"]

1. d4 d5 2. c4 e6 3. Nf3 Nf6 4. g3 dxc4 5. Qa4+ Nbd7 6. Bg2 a6 7. Qxc4 b5 8.
Qc2 Bb7 9. O-O c5 10. a4 Rc8 11. axb5 axb5 12. Qb3 Qb6 13. Na3 Bc6 14. Be3 c4
15. Qd1 Bd5 16. Ne5 Bxg2 17. Kxg2 Nd5 18. Nxd7 Qb7 19. Kg1 Nxe3 20. fxe3 Qxd7
21. Nc2 Be7 22. Qd2 O-O 23. Ra6 Ra8 24. Rfa1 Qd5 25. Qa5 Rxa6 26. Qxa6 Bg5 27.
Qa5 h5 28. h4 Bh6 29. Qd2 Ra8 30. Rc1 1/2-1/2

[Event "European Senior Team Championship 2014"]
[Site "Sibenik"]
[Date "2014.04.02"]
[Round "2.6"]
[White "Robertson, Ian C"]
[Black "Mishuchkov, Nikolai M"]
[Result "1/2-1/2"]
[WhiteElo "2161"]
[BlackElo "2312"]
[PlyCount "46"]
[EventDate "2014.04.01"]

1. e4 c5 2. b3 b6 3. Bb2 Bb7 4. Nc3 e6 5. Nf3 a6 6. Bd3 Nc6 7. O-O d6 8. Re1
Nf6 9. e5 dxe5 10. Nxe5 Nxe5 11. Rxe5 Be7 12. Qe2 O-O 13. Re1 Re8 14. Re3 Bf8
15. Ne4 Nxe4 16. Bxe4 Bxe4 17. Rxe4 Ra7 18. d4 cxd4 19. Rxd4 Qc8 20. Rc4 Rc7
21. Rxc7 Qxc7 22. c4 Rd8 23. Rd1 Rxd1+ 1/2-1/2

[Event "European Senior Team Championship 2014"]
[Site "Sibenik"]
[Date "2014.04.02"]
[Round "2.6"]
[White "Kremenietsky, Anatoly M"]
[Black "Scrimgour, Alan"]
[Result "1/2-1/2"]
[WhiteElo "2332"]
[BlackElo "2016"]
[PlyCount "74"]
[EventDate "2014.04.01"]

1. d4 Nf6 2. Nf3 e6 3. c4 b6 4. g3 Bb7 5. Bg2 Be7 6. O-O O-O 7. d5 exd5 8. Nh4
c6 9. cxd5 Nxd5 10. Nf5 Nf6 11. e4 d6 12. Bf4 Ne8 13. Nc3 Na6 14. Qd2 Nc5 15.
Rfd1 Ne6 16. Be3 Rc8 17. Nxe7+ Qxe7 18. b4 N6c7 19. a4 Rd8 20. b5 c5 21. a5 Qd7
22. axb6 axb6 23. Ra7 Qc8 24. Qa2 d5 25. Bg5 f6 26. Bf4 Kh8 27. Bxc7 Nxc7 28.
exd5 Ne8 29. Qb1 Nd6 30. Ra2 Rfe8 31. Re2 Rxe2 32. Nxe2 Qd7 33. Nc3 Re8 34. Re1
Rxe1+ 35. Qxe1 Kg8 36. h4 Kf8 37. Kh2 Qe7 1/2-1/2

[Event "European Senior Team Championship 2014"]
[Site "Sibenik"]
[Date "2014.04.02"]
[Round "2.7"]
[White "Fauland, Alexander"]
[Black "Malmdin, Nils-Ake"]
[Result "1-0"]
[WhiteElo "2417"]
[BlackElo "2175"]
[PlyCount "87"]
[EventDate "2014.04.01"]

1. c4 g6 2. d4 Nf6 3. Nc3 Bg7 4. e4 d6 5. f3 c6 6. Bg5 a6 7. Qd2 b5 8. Bh6 Bxh6
9. Qxh6 Nbd7 10. d5 cxd5 11. cxd5 Ne5 12. Nh3 Bxh3 13. Qxh3 Qb6 14. Qh6 Rc8 15.
Rc1 Kd7 16. a3 Rhg8 17. Qd2 Nc4 18. Bxc4 Rxc4 19. Qf2 Qxf2+ 20. Kxf2 Rgc8 21.
Ke3 R8c5 22. Kd3 Rc8 23. Na2 Rxc1 24. Rxc1 Rxc1 25. Nxc1 e5 26. Nb3 Ng8 27. Kc3
Kc7 28. Kb4 Kb6 29. a4 bxa4 30. Na5 Ne7 31. Nc4+ Kc7 32. Kxa4 Nc8 33. Ka5 Kb7
34. g4 h6 35. h4 h5 36. gxh5 gxh5 37. Ne3 Nb6 38. b3 Nd7 39. Nf5 Kc7 40. b4 Nb6
41. Kxa6 Nc4 42. b5 Kb8 43. b6 Nd2 44. Ne7 1-0

[Event "European Senior Team Championship 2014"]
[Site "Sibenik"]
[Date "2014.04.02"]
[Round "2.7"]
[White "Petersson, Gosta"]
[Black "Wallner, Joachim"]
[Result "0-1"]
[WhiteElo "2158"]
[BlackElo "2361"]
[PlyCount "68"]
[EventDate "2014.04.01"]

1. Nf3 d5 2. d4 Nf6 3. Bf4 c6 4. c3 Bf5 5. e3 Qb6 6. Qb3 Nbd7 7. h3 e6 8. Nbd2
h6 9. Be2 Be7 10. O-O O-O 11. Rfe1 Rfc8 12. a4 c5 13. Qa2 c4 14. Ne5 Nxe5 15.
Bxe5 Ne4 16. Nxe4 Bxe4 17. Rec1 a5 18. Bd1 Rc6 19. Bg3 Bd3 20. f4 Be4 21. b3
Rac8 22. bxc4 Rxc4 23. Qd2 Qc7 24. Be2 Rxc3 25. Rxc3 Qxc3 26. Qxc3 Rxc3 27. Be1
Rxe3 28. Kf2 Rb3 29. Bxa5 Bh4+ 30. Kf1 Bf6 31. Rd1 Ra3 32. Bb5 Bc2 33. Rc1 Bxa4
34. Bb4 Bxb5+ 0-1

[Event "European Senior Team Championship 2014"]
[Site "Sibenik"]
[Date "2014.04.02"]
[Round "2.7"]
[White "Thoma, Robert"]
[Black "Nyberg, Ulf"]
[Result "1-0"]
[WhiteElo "2342"]
[BlackElo "2141"]
[PlyCount "155"]
[EventDate "2014.04.01"]

1. c4 e5 2. g3 Nf6 3. Bg2 Bc5 4. Nc3 O-O 5. e3 a6 6. Nge2 d6 7. d4 Ba7 8. O-O
Nc6 9. h3 Bf5 10. Kh2 Re8 11. a3 exd4 12. exd4 h6 13. b4 Ne4 14. Be3 Nxc3 15.
Nxc3 Qc8 16. Qd2 Ne7 17. Rfe1 c6 18. d5 Bxe3 19. Rxe3 Qd7 20. Rae1 cxd5 21.
Nxd5 Nxd5 22. Rxe8+ Rxe8 23. Rxe8+ Qxe8 24. Qxd5 Be6 25. Qxd6 Bxc4 26. Bxb7 Qe2
27. Qd8+ Kh7 28. Qd4 g6 29. a4 Be6 30. h4 Bb3 31. Qb6 Bxa4 32. Bxa6 Qf3 33. Bb7
Qf5 34. Qc5 Qd7 35. Bd5 Kg7 36. Bf3 Bb5 37. Qe5+ f6 38. Qd5 Qxd5 39. Bxd5 g5
40. Be4 Kf7 41. f4 Ke6 42. Kg2 Kd6 43. Kf3 Bd7 44. Ke3 Bb5 45. Kd4 Ba6 46. Bd3
Bc8 47. b5 gxh4 48. gxh4 Bh3 49. Be4 Bf1 50. b6 Bh3 51. b7 Kc7 52. Kc5 Bg4 53.
Bd5 Bd1 54. Bc6 Bc2 55. Kd5 Bb3+ 56. Ke4 Bc2+ 57. Kf3 Bd1+ 58. Kg3 Be2 59. Kf2
Bd1 60. Ke3 Bc2 61. Be4 Bb3 62. Kd4 Be6 63. Kc5 Bh3 64. Bd5 Bg4 65. b8=Q+ Kxb8
66. Kd6 Bd1 67. Ke6 Kc8 68. Kxf6 Kd8 69. Bc6 Bc2 70. Bb5 Be4 71. Kf7 Bc2 72.
Bc4 Be4 73. Be6 Bf3 74. f5 Bh5+ 75. Kg7 Ke7 76. Kxh6 Be8 77. Kg7 Bh5 78. Bc4
1-0

[Event "European Senior Team Championship 2014"]
[Site "Sibenik"]
[Date "2014.04.02"]
[Round "2.7"]
[White "Nordstrom, Felix"]
[Black "Danner, Georg"]
[Result "0-1"]
[WhiteElo "2125"]
[BlackElo "2336"]
[PlyCount "68"]
[EventDate "2014.04.01"]

1. e4 c5 2. Nf3 d6 3. d4 Nf6 4. Nc3 cxd4 5. Nxd4 Nc6 6. g3 g6 7. Nde2 Bg7 8.
Bg2 O-O 9. O-O Bd7 10. h3 Rb8 11. a4 a6 12. Bg5 Ne5 13. Qc1 b5 14. axb5 axb5
15. Bh6 b4 16. Nd5 Nxd5 17. exd5 Bb5 18. Bxg7 Kxg7 19. Re1 Bxe2 20. Rxe2 b3 21.
c3 Qb6 22. Kh2 Rb7 23. f4 Nc4 24. Ra4 Rc8 25. Qe1 Rcc7 26. Rb4 Qa7 27. Rxb7
Rxb7 28. Be4 Qc5 29. Qd1 Ra7 30. Bg2 h5 31. h4 Ne3 32. Rxe3 Qxe3 33. Qxb3 Ra1
34. Qc2 Re1 0-1

[Event "European Senior Team Championship 2014"]
[Site "Sibenik"]
[Date "2014.04.02"]
[Round "2.8"]
[White "Woeber, Friedrich"]
[Black "Karlsson, Lars"]
[Result "0-1"]
[WhiteElo "2178"]
[BlackElo "2408"]
[PlyCount "56"]
[EventDate "2014.04.01"]

1. e4 e6 2. d4 d5 3. e5 c5 4. c3 Qb6 5. Nf3 Bd7 6. Be2 Bb5 7. O-O Bxe2 8. Qxe2
Qa6 9. Qe3 Ne7 10. dxc5 Nf5 11. Qf4 Bxc5 12. g4 Ne7 13. Nbd2 Ng6 14. Qg3 Nc6
15. Re1 Bb6 16. Nb3 h5 17. Nh4 Nxh4 18. Qxh4 Qd3 19. Kg2 Ne7 20. h3 hxg4 21.
Qxg4 Rc8 22. Be3 Rc4 23. Bd4 Rh6 24. Re3 Qh7 25. Qe2 Nf5 26. Rd3 Nh4+ 27. Kh2
Ng6 28. Qg4 Nxe5 0-1

[Event "European Senior Team Championship 2014"]
[Site "Sibenik"]
[Date "2014.04.02"]
[Round "2.8"]
[White "Wahlbom, Magnus"]
[Black "Ernst, Michael"]
[Result "1-0"]
[WhiteElo "2291"]
[BlackElo "2170"]
[PlyCount "57"]
[EventDate "2014.04.01"]

1. e4 e6 2. d4 d5 3. Nd2 Nf6 4. e5 Nfd7 5. Bd3 c5 6. c3 Nc6 7. Ne2 cxd4 8. cxd4
f6 9. exf6 Nxf6 10. Nf3 Bd6 11. O-O Qc7 12. g3 O-O 13. Bf4 Bxf4 14. Nxf4 Bd7
15. Qd2 e5 16. dxe5 Nxe5 17. Nxe5 Qxe5 18. Rfe1 Qd6 19. Bc4 Bc6 20. Rad1 Rfd8
21. Bb3 Rd7 22. Qd4 a6 23. Re6 Qf8 24. Rde1 Kh8 25. f3 Re8 26. Qxf6 gxf6 27.
Rxe8 Qxe8 28. Rxe8+ Kg7 29. Rd8 1-0

[Event "European Senior Team Championship 2014"]
[Site "Sibenik"]
[Date "2014.04.02"]
[Round "2.8"]
[White "Winiwarter, Felix"]
[Black "Bergstrom, Rolf"]
[Result "0-1"]
[WhiteElo "2136"]
[BlackElo "2285"]
[PlyCount "104"]
[EventDate "2014.04.01"]

1. e4 d6 2. d4 Nf6 3. Nc3 e5 4. Nf3 Nbd7 5. Bc4 Be7 6. O-O Nb6 7. Be2 exd4 8.
Nxd4 O-O 9. f4 c6 10. Bf3 d5 11. e5 Ne8 12. Kh1 f6 13. Qe2 Nc7 14. e6 f5 15. g4
fxg4 16. Bxg4 c5 17. Ndb5 d4 18. Nxc7 Qxc7 19. Ne4 Qc6 20. Bd2 Bxe6 21. Bxe6+
Qxe6 22. Rae1 Bh4 23. Ng3 Qxa2 24. Qg4 Qd5+ 25. Kg1 Bxg3 26. hxg3 Qf5 27. Qxf5
Rxf5 28. Re7 Rf7 29. Rfe1 Nd5 30. R7e5 Rd8 31. f5 b6 32. Kg2 Nf6 33. Kf3 h5 34.
Bg5 Rdf8 35. Bxf6 Rxf6 36. g4 hxg4+ 37. Kxg4 g6 38. fxg6 Rxg6+ 39. Rg5 Kg7 40.
Re7+ Rf7 41. Re2 Rxg5+ 42. Kxg5 Kf8 43. b3 Re7 44. Rh2 Ke8 45. Kf6 Kd7 46. Rg2
Kd6 47. Rh2 a5 48. Rg2 Re3 49. Rf2 Kc6 50. Kf5 Kb5 51. Rh2 Kb4 52. Rh6 b5 0-1

[Event "European Senior Team Championship 2014"]
[Site "Sibenik"]
[Date "2014.04.02"]
[Round "2.8"]
[White "Hammar, Bengt"]
[Black "Danner, Lambert"]
[Result "1-0"]
[WhiteElo "2232"]
[BlackElo "2101"]
[PlyCount "111"]
[EventDate "2014.04.01"]

1. e4 Nf6 2. e5 Nd5 3. d4 d6 4. Nf3 Bg4 5. Be2 c6 6. O-O Bxf3 7. Bxf3 dxe5 8.
dxe5 e6 9. Re1 Nd7 10. g3 Qc7 11. Qe2 h6 12. Bg2 g5 13. Nd2 O-O-O 14. a4 Kb8
15. Nc4 N5b6 16. f4 gxf4 17. Bxf4 Nxc4 18. Qxc4 a5 19. Kh1 Nb6 20. Qe2 Nd5 21.
Bd2 Nb4 22. Be4 Bg7 23. c3 Nd5 24. Bc2 c5 25. Rad1 Ne7 26. Qh5 Nc6 27. Bf4 Rxd1
28. Bxd1 Nd8 29. Qg4 Bf8 30. Qe2 Bg7 31. Bc2 Nc6 32. Bd3 Ne7 33. Qg4 Bf8 34.
Be4 Nc6 35. Bg2 Ne7 36. Qe2 Ng6 37. Qb5 Be7 38. Rd1 Rd8 39. Rxd8+ Bxd8 40. Bxh6
Nxe5 41. Bf4 Bf6 42. h4 Kc8 43. h5 b6 44. Qe2 c4 45. Qe4 Kd7 46. h6 Qc5 47. Be3
Qc7 48. Qd4+ Ke8 49. Qxb6 Bd8 50. Qb5+ Nd7 51. Bf4 e5 52. h7 Bf6 53. Be3 Qd6
54. Qd5 Qb8 55. Bh3 Nf8 56. Qc6+ 1-0

[Event "European Senior Team Championship 2014"]
[Site "Sibenik"]
[Date "2014.04.02"]
[Round "2.9"]
[White "Nickl, Klaus"]
[Black "Sorensen, Bent"]
[Result "1/2-1/2"]
[WhiteElo "2139"]
[BlackElo "2262"]
[PlyCount "64"]
[EventDate "2014.04.01"]

1. d4 d5 2. c4 e6 3. e3 Nf6 4. Nf3 Nbd7 5. Nc3 c6 6. Qc2 Be7 7. b3 b6 8. Bd3
Bb7 9. O-O h6 10. Bb2 O-O 11. Qe2 c5 12. cxd5 exd5 13. Ba6 Qc7 14. Bxb7 Qxb7
15. Rac1 Rfe8 16. dxc5 bxc5 17. Qb5 Qc7 18. Rfd1 Rab8 19. Qd3 Nb6 20. Nb5 Qd7
21. Ne5 Qb7 22. Qf5 a6 23. Nc3 Bf8 24. Ng4 Nxg4 25. Qxg4 Re6 26. Ne2 Re4 27.
Qf3 Ree8 28. Nf4 Rbd8 29. Nd3 Rc8 30. Nf4 Red8 31. Nh5 Rc6 32. Nf4 Rcc8 1/2-1/2

[Event "European Senior Team Championship 2014"]
[Site "Sibenik"]
[Date "2014.04.02"]
[Round "2.9"]
[White "Jorgensen, Jorgen"]
[Black "Kratschmer, Heinz"]
[Result "1/2-1/2"]
[WhiteElo "2206"]
[BlackElo "2114"]
[PlyCount "81"]
[EventDate "2014.04.01"]

1. Nf3 Nf6 2. c4 g6 3. b3 Bg7 4. Bb2 c5 5. g3 Nc6 6. Bg2 O-O 7. O-O d5 8. cxd5
Nxd5 9. Bxg7 Kxg7 10. d4 cxd4 11. Nxd4 e5 12. Nxc6 bxc6 13. Qc1 Qb6 14. Na3 f6
15. Rd1 Be6 16. Nc4 Qa6 17. Qd2 Rfd8 18. Qb2 Rac8 19. Rd2 Rd7 20. Rad1 Rcd8 21.
h3 h5 22. e3 Qc8 23. h4 Qa6 24. Bf1 Qc8 25. Qa3 Bg4 26. Rc1 Qc7 27. Na5 Ne7 28.
Rxd7 Qxd7 29. Bg2 Rc8 30. Qc5 Qc7 31. b4 a6 32. a4 Kf7 33. Nxc6 Nxc6 34. Qxc6
Qe7 35. Qd5+ Be6 36. Qd2 Rxc1+ 37. Qxc1 Qxb4 38. Qc7+ Qe7 39. Qb6 Bc4 40. Bb7
a5 41. Ba6 1/2-1/2

[Event "European Senior Team Championship 2014"]
[Site "Sibenik"]
[Date "2014.04.02"]
[Round "2.9"]
[White "Pitzl, Konstantinos"]
[Black "Grabow, Pouelsten Holm"]
[Result "0-1"]
[WhiteElo "2060"]
[BlackElo "2131"]
[PlyCount "62"]
[EventDate "2014.04.01"]

1. Nf3 Nf6 2. g3 d5 3. Bg2 e6 4. c4 Be7 5. cxd5 exd5 6. O-O O-O 7. d3 c5 8. Nc3
Nc6 9. Bf4 d4 10. Nb5 Nd5 11. Bd2 Be6 12. Na3 Rc8 13. Nc4 b5 14. Nce5 Nb8 15.
h3 f6 16. Ng4 Qd7 17. a4 a6 18. axb5 axb5 19. e4 dxe3 20. Nxe3 Nc6 21. Nxd5
Bxd5 22. Be3 Rfd8 23. Kh2 Qb7 24. Nh4 Ne5 25. f3 Bf8 26. Bh1 g6 27. d4 cxd4 28.
Bxd4 Qf7 29. Ra7 Bb7 30. f4 Nc6 31. Nf3 Nxa7 0-1

[Event "European Senior Team Championship 2014"]
[Site "Sibenik"]
[Date "2014.04.02"]
[Round "2.10"]
[White "Niebuhr, Gerd"]
[Black "Baumbach, Friedrich"]
[Result "1/2-1/2"]
[WhiteElo "2036"]
[BlackElo "2231"]
[PlyCount "33"]
[EventDate "2014.04.01"]

1. d4 Nf6 2. c4 e6 3. Nf3 b6 4. e3 Bb7 5. Bd3 Be7 6. Nc3 c5 7. O-O O-O 8. e4
cxd4 9. Nxd4 d6 10. Qe2 Nbd7 11. f4 Qc7 12. Kh1 Rac8 13. b3 Rfe8 14. Bb2 e5 15.
fxe5 dxe5 16. Nf5 Bf8 17. Nd5 1/2-1/2

[Event "European Senior Team Championship 2014"]
[Site "Sibenik"]
[Date "2014.04.02"]
[Round "2.10"]
[White "Siegmund, Rainer"]
[Black "Juergens, Peter"]
[Result "1-0"]
[WhiteElo "2148"]
[BlackElo "2035"]
[PlyCount "87"]
[EventDate "2014.04.01"]

1. d4 Nf6 2. c4 e6 3. Nc3 Bb4 4. Qc2 d5 5. a3 Bxc3+ 6. Qxc3 Ne4 7. Qc2 c5 8.
dxc5 Nc6 9. e3 Qa5+ 10. Bd2 Qxc5 11. b4 Qd6 12. Nf3 O-O 13. c5 Qc7 14. Bd3 f5
15. O-O Nxd2 16. Qxd2 Bd7 17. Be2 Rad8 18. Nd4 a6 19. a4 Ne7 20. Rfc1 e5 21.
Nf3 e4 22. Nd4 Qe5 23. b5 axb5 24. axb5 Rf6 25. g3 g5 26. f4 gxf4 27. exf4 Qb8
28. Ra3 Be8 29. Qd1 Rc8 30. Rac3 Qa7 31. Ra1 Qb8 32. Kh1 Kg7 33. Bh5 Bg6 34.
Be2 Be8 35. Rac1 Qa7 36. Ra1 Qb8 37. Bh5 Bg6 38. Be2 Be8 39. Nc2 Kg8 40. Qd4
Rh6 41. Nb4 Bf7 42. Rc2 Qc7 43. Ra7 Qb8 44. c6 1-0

[Event "European Senior Team Championship 2014"]
[Site "Sibenik"]
[Date "2014.04.02"]
[Round "2.10"]
[White "Hellwege, Werner"]
[Black "Fleuch, Hans-Juergen"]
[Result "0-1"]
[WhiteElo "2006"]
[BlackElo "2064"]
[PlyCount "158"]
[EventDate "2014.04.01"]

1. d4 d5 2. c4 Nc6 3. Nf3 Bg4 4. e3 e6 5. b3 Nf6 6. Be2 Bb4+ 7. Bd2 Be7 8. Nc3
O-O 9. O-O Re8 10. h3 Bh5 11. Rc1 Ba3 12. Ra1 Bg6 13. Bc1 Bf8 14. Bb2 Ne7 15.
Ne5 Nf5 16. Nxg6 hxg6 17. g3 b6 18. Bf3 Bb4 19. Ne2 Bd6 20. Qc2 c6 21. Rac1 Rc8
22. Bg2 Qd7 23. Qd3 Bb8 24. Nc3 Nd6 25. Kh2 Red8 26. Rfd1 Nf5 27. e4 dxe4 28.
Nxe4 Nxe4 29. Bxe4 Ne7 30. Qf3 Nf5 31. d5 cxd5 32. cxd5 Rxc1 33. Bxc1 e5 34.
Bb2 Bd6 35. Kg2 Ne7 36. Qe2 f5 37. Bd3 Qc7 38. Bc4 Kh7 39. Re1 e4 40. Qe3 Be5
41. Bxe5 Qxe5 42. Rd1 Nxd5 43. Qd4 Nf4+ 44. gxf4 Qxd4 45. Rxd4 Rxd4 46. a4 g5
47. fxg5 g6 48. Kg3 Kg7 49. h4 Rd2 50. Be6 Rd3+ 51. Kg2 Rd2 52. Kg3 Rd3+ 53.
Kg2 f4 54. Bc4 Rd4 55. Kh3 e3 56. fxe3 fxe3 57. Kg3 Rd2 58. Kf3 Rh2 59. Kxe3
Rxh4 60. Kf3 Rd4 61. Kg3 Kf8 62. Kf3 Ke7 63. Kg3 Rd8 64. Kg4 Rf8 65. Bd3 Rg8
66. Bc4 Rg7 67. Kf4 Kd6 68. Bd3 Rg8 69. Ke4 Rf8 70. Ke3 Kc5 71. Bxg6 Rg8 72.
Bf7 Rxg5 73. Bc4 Kb4 74. Kd3 Rg3+ 75. Kc2 Rc3+ 76. Kb2 Rxc4 77. bxc4 Kxc4 78.
a5 b5 79. a6 Kb4 0-1

[Event "European Senior Team Championship 2014"]
[Site "Sibenik"]
[Date "2014.04.02"]
[Round "2.10"]
[White "Franke, Roland"]
[Black "Fritsch, Juergen"]
[Result "1-0"]
[WhiteElo "2012"]
[BlackElo "1950"]
[PlyCount "60"]
[EventDate "2014.04.01"]

1. b4 e5 2. Bb2 Bxb4 3. Bxe5 Nf6 4. Nf3 O-O 5. e3 d6 6. Bb2 Nc6 7. Be2 Bf5 8.
O-O d5 9. d4 Ne4 10. c3 Ba5 11. Qc1 Ne7 12. Nbd2 c6 13. Nxe4 Bxe4 14. Nd2 Bg6
15. a4 Re8 16. Nf3 Bc7 17. Qd2 Nf5 18. c4 dxc4 19. Bxc4 Nd6 20. Bd3 Ne4 21. Qc2
Rb8 22. Rad1 Qe7 23. Ne5 Bxe5 24. dxe5 f5 25. exf6 gxf6 26. f3 Nc5 27. Bxg6
hxg6 28. Qxg6+ Qg7 29. Qf5 Nxa4 30. Qd7 Qg5 1-0

[Event "European Senior Team Championship 2014"]
[Site "Sibenik"]
[Date "2014.04.02"]
[Round "2.11"]
[White "Huelsmann, Josef"]
[Black "Habershon, Paul F"]
[Result "0-1"]
[WhiteElo "2168"]
[BlackElo "2069"]
[PlyCount "66"]
[EventDate "2014.04.01"]

1. d4 Nf6 2. Bg5 c5 3. Bxf6 gxf6 4. d5 Qb6 5. Qc1 Bg7 6. g3 d6 7. Bg2 Nd7 8.
Nh3 Ne5 9. O-O h5 10. Nf4 h4 11. c4 hxg3 12. hxg3 Bd7 13. Nd2 O-O-O 14. Qc2
Rdg8 15. a3 Bh6 16. e3 Ng4 17. Rfb1 Nxe3 18. fxe3 Rxg3 19. Nf1 Rgg8 20. Kf2 Qd8
21. Bf3 Qf8 22. Ng2 Qg7 23. Nd2 Qg3+ 24. Ke2 Qh2 25. Rg1 Bh3 26. Qe4 f5 27. Qh4
Bxe3 28. Qxh8 Rxh8 29. Kxe3 Rg8 30. Kf2 Qg3+ 31. Kf1 Qe5 32. Rb1 Qe3 33. Rd1
Rg3 0-1

[Event "European Senior Team Championship 2014"]
[Site "Sibenik"]
[Date "2014.04.02"]
[Round "2.11"]
[White "Reuben, Stewart"]
[Black "Haselhorst, Helmut"]
[Result "0-1"]
[WhiteElo "2063"]
[BlackElo "2079"]
[PlyCount "84"]
[EventDate "2014.04.01"]

1. c4 Nf6 2. Nc3 g6 3. g3 Bg7 4. Bg2 O-O 5. e4 d6 6. Nge2 c5 7. d4 Nc6 8. d5
Na5 9. b3 a6 10. O-O b5 11. cxb5 axb5 12. e5 Ne8 13. Nxb5 Bxe5 14. Bh6 Bxa1 15.
Qxa1 Nf6 16. Bxf8 Kxf8 17. Qb2 Ba6 18. Nec3 Rb8 19. a4 Kg8 20. Re1 Rb7 21. Bf1
Nd7 22. Qc2 Rb8 23. Qe4 Nxb3 24. Qxe7 Ne5 25. Qxd8+ Rxd8 26. Kg2 Nd2 27. Be2 f5
28. f4 Nf7 29. Bd3 Kf8 30. Re3 Bb7 31. Nc7 Rb8 32. a5 c4 33. Be2 Rc8 34. Ne6+
Kg8 35. Kf2 Ne4+ 36. Nxe4 fxe4 37. Rxe4 Bxd5 38. Re3 Bxe6 39. Rxe6 c3 40. Bd3
c2 41. Bxc2 Rxc2+ 42. Ke3 Kf8 0-1

[Event "European Senior Team Championship 2014"]
[Site "Sibenik"]
[Date "2014.04.02"]
[Round "2.11"]
[White "Weisshaupt, Rainer"]
[Black "Wood, Peter R"]
[Result "1/2-1/2"]
[WhiteElo "2154"]
[BlackElo "1951"]
[PlyCount "47"]
[EventDate "2014.04.01"]

1. d4 e6 2. c4 f5 3. Nf3 Nf6 4. Nc3 Be7 5. g3 d6 6. Bg2 O-O 7. O-O Ne4 8. Qc2
Nxc3 9. bxc3 Nc6 10. d5 Na5 11. Nd2 e5 12. Qa4 b6 13. c5 Nb7 14. c6 Nc5 15. Qc2
a5 16. Ba3 Ba6 17. Bxc5 dxc5 18. c4 Bd6 19. Rae1 Qe7 20. e3 Rae8 21. f3 Bc8 22.
Qc3 Qf6 23. f4 e4 24. Qxf6 1/2-1/2

[Event "European Senior Team Championship 2014"]
[Site "Sibenik"]
[Date "2014.04.02"]
[Round "2.11"]
[White "Scowen, Roger S"]
[Black "Kurka, Dieter"]
[Result "1/2-1/2"]
[WhiteElo "1883"]
[BlackElo "2028"]
[PlyCount "112"]
[EventDate "2014.04.01"]

1. e4 e5 2. Nf3 Nc6 3. Bb5 a6 4. Bxc6 dxc6 5. d4 exd4 6. Qxd4 Qxd4 7. Nxd4 Bd7
8. Be3 O-O-O 9. Nd2 c5 10. Ne2 f6 11. O-O-O Nh6 12. f3 Nf7 13. Nf4 b6 14. Nd5
Kb7 15. h3 Be6 16. Nf4 Bd7 17. Nd5 c6 18. Nf4 Ne5 19. Rhe1 Be7 20. Ne2 Be6 21.
f4 Nd7 22. Nf3 a5 23. a3 Rhe8 24. Ng3 g6 25. Rd2 Nb8 26. Red1 Rxd2 27. Rxd2 Rd8
28. Rxd8 Bxd8 29. Kd2 Nd7 30. e5 fxe5 31. fxe5 Bd5 32. Bf4 Bxf3 33. gxf3 Bc7
34. Ke3 Nxe5 35. b3 Nf7 36. Bxc7 Kxc7 37. Kf4 Kd6 38. c4 Ke6 39. Ne4 h6 40. h4
Ne5 41. Nd2 b5 42. a4 bxa4 43. bxa4 Nd3+ 44. Ke4 Nb2 45. Nb3 Nxc4 46. Nxc5+ Kd6
47. Kd4 Nd2 48. Nb7+ Kc7 49. Nxa5 Nxf3+ 50. Kc5 g5 51. hxg5 hxg5 52. Nxc6 g4
53. Ne7 g3 54. Nd5+ Kb7 55. Nf4 Ne1 56. Kb5 g2 1/2-1/2

[Event "European Senior Team Championship 2014"]
[Site "Sibenik"]
[Date "2014.04.02"]
[Round "2.12"]
[White "Vinke, Dietmar"]
[Black "Roth, Peter"]
[Result "1/2-1/2"]
[WhiteElo "2173"]
[BlackElo "2176"]
[PlyCount "22"]
[EventDate "2014.04.01"]

1. d4 g6 2. e4 Bg7 3. c3 c6 4. Nf3 d5 5. Nbd2 dxe4 6. Nxe4 Nf6 7. Nxf6+ exf6 8.
Bc4 Qe7+ 9. Qe2 Qxe2+ 10. Kxe2 Be6 11. Bxe6 fxe6 1/2-1/2

[Event "European Senior Team Championship 2014"]
[Site "Sibenik"]
[Date "2014.04.02"]
[Round "2.12"]
[White "Dueckstein, Andreas"]
[Black "Mottonen, Ari"]
[Result "1-0"]
[WhiteElo "2188"]
[BlackElo "1996"]
[PlyCount "87"]
[EventDate "2014.04.01"]

1. e4 e6 2. d4 d5 3. Nc3 Nf6 4. exd5 Nxd5 5. Ne4 Nd7 6. Nf3 c5 7. c3 cxd4 8.
Qxd4 Qb6 9. Bd3 Qxd4 10. Nxd4 a6 11. O-O Be7 12. Re1 O-O 13. Bd2 Nc5 14. Bc2
Nxe4 15. Bxe4 Bf6 16. Nf3 b5 17. Bf4 Bb7 18. Be5 Bxe5 19. Nxe5 Rfd8 20. Rad1
Rac8 21. Bf3 Ba8 22. g3 Kf8 23. Bh5 g6 24. Be2 Nb6 25. f4 Ke7 26. Rxd8 Rxd8 27.
Nd3 Na4 28. Kf2 Be4 29. Nb4 Nxb2 30. Nxa6 Bb7 31. Nb4 Nc4 32. Bxc4 bxc4 33. Ke3
h6 34. a4 Ra8 35. Ra1 Rd8 36. a5 g5 37. a6 Ba8 38. Ra5 gxf4+ 39. gxf4 Rd1 40.
Rh5 Re1+ 41. Kd4 Re4+ 42. Kc5 Rxf4 43. Rxh6 Kd7 44. Rh8 1-0

[Event "European Senior Team Championship 2014"]
[Site "Sibenik"]
[Date "2014.04.02"]
[Round "2.12"]
[White "Auvinen, Esa"]
[Black "Titz, Herbert"]
[Result "1/2-1/2"]
[WhiteElo "1988"]
[BlackElo "1995"]
[PlyCount "67"]
[EventDate "2014.04.01"]

1. e4 e5 2. Nf3 d6 3. Bc4 Be7 4. O-O Nf6 5. Nc3 O-O 6. d4 Nbd7 7. Bg5 c6 8. a4
Qc7 9. Bb3 h6 10. Bh4 Re8 11. Qe2 Nf8 12. dxe5 dxe5 13. Bg3 Bd6 14. Nd2 Qe7 15.
Rad1 Bc7 16. Nc4 Be6 17. Rd2 Rad8 18. Rxd8 Rxd8 19. Rd1 Ng6 20. Rxd8+ Qxd8 21.
Qd2 Qe7 22. Qe2 Nd7 23. Nd2 Nc5 24. Bxe6 Nxe6 25. Qd3 Ngf4 26. Bxf4 Nxf4 27.
Qc4 Qg5 28. g3 Nh3+ 29. Kg2 Qxd2 30. Kxh3 Qxf2 31. Qe2 Qxe2 32. Nxe2 Kf8 33.
Kg4 Ke7 34. Kf3 1/2-1/2

[Event "European Senior Team Championship 2014"]
[Site "Sibenik"]
[Date "2014.04.02"]
[Round "2.12"]
[White "Newrkla, Alexander"]
[Black "Laitinen, Martti"]
[Result "1/2-1/2"]
[WhiteElo "1956"]
[BlackElo "1770"]
[PlyCount "83"]
[EventDate "2014.04.01"]

1. e4 c5 2. d4 cxd4 3. c3 dxc3 4. Nxc3 Nc6 5. Nf3 d6 6. Bc4 Nf6 7. e5 Ng4 8.
exd6 Qxd6 9. Qxd6 exd6 10. Nb5 Kd8 11. Bf4 Nge5 12. Nxe5 Nxe5 13. Bxe5 dxe5 14.
Bxf7 Bb4+ 15. Ke2 a6 16. Nc3 Bxc3 17. bxc3 Kc7 18. Rhd1 Bf5 19. Rd2 Rad8 20.
Rad1 Rxd2+ 21. Rxd2 Rd8 22. Rxd8 Kxd8 23. Bd5 Kc7 24. Ke3 b5 25. a3 Kd6 26. Be4
Bxe4 27. Kxe4 Kc5 28. Kxe5 Kc4 29. f4 Kxc3 30. f5 a5 31. g4 b4 32. axb4 axb4
33. g5 b3 34. f6 gxf6+ 35. gxf6 b2 36. f7 b1=Q 37. f8=Q Qe1+ 38. Kf6 Qf2+ 39.
Kg7 Qxh2 40. Qf6+ Kd3 41. Qf5+ Ke3 42. Qxh7 1/2-1/2

[Event "European Senior Team Championship 2014"]
[Site "Sibenik"]
[Date "2014.04.02"]
[Round "2.13"]
[White "Wademark, Helge"]
[Black "Grahn, Lars"]
[Result "1/2-1/2"]
[WhiteElo "2124"]
[BlackElo "2000"]
[PlyCount "36"]
[EventDate "2014.04.01"]

1. e4 Nf6 2. e5 Nd5 3. d4 d6 4. c4 Nb6 5. exd6 exd6 6. Nc3 Be7 7. Bd3 Nc6 8.
Be3 O-O 9. Nge2 Bg4 10. b3 Bf6 11. Qd2 Bxe2 12. Bxe2 d5 13. c5 Nc8 14. O-O Qd7
15. h3 Nd8 16. b4 c6 17. a4 Ne6 18. Bf3 Ne7 1/2-1/2